ELECTRICITY (Record no. 4145)
[ view plain ]
| 000 -LEADER | |
|---|---|
| fixed length control field | 00287nam a22001097a 4500 |
| 008 - FIXED-LENGTH DATA ELEMENTS--GENERAL INFORMATION | |
| fixed length control field | 250122b ||||| |||| 00| 0 eng d |
| 020 ## - INTERNATIONAL STANDARD BOOK NUMBER | |
| International Standard Book Number | 9781538214855 |
| 082 ## - DEWEY DECIMAL CLASSIFICATION NUMBER | |
| Classification number | 537 AMS |
| 100 ## - MAIN ENTRY--PERSONAL NAME | |
| Personal name | GEORGIA AMSON |
| Relator term | AMSON,GEORGIA |
| 245 ## - TITLE STATEMENT | |
| Title | ELECTRICITY |
| 942 ## - ADDED ENTRY ELEMENTS (KOHA) | |
| Source of classification or shelving scheme | |
| Classification part | 537 AMS |
| Withdrawn status | Lost status | Source of classification or shelving scheme | Damaged status | Not for loan | Collection code | Permanent Location | Current Location | Shelving location | Date acquired | Total Checkouts | Full call number | Barcode | Date due | Date last seen | Date last checked out | Price effective from | Koha item type | Public note |
|---|---|---|---|---|---|---|---|---|---|---|---|---|---|---|---|---|---|---|
| Non-Fiction | KH8 Primary School Library | KH8 Primary School Library | Non Fiction | 2025-01-22 | 2 | 537 AMS | 3KHPL000002468 | 2026-04-21 | 2026-04-13 | 2026-04-13 | 2025-01-22 | Books - Non Ficton | PRIMARY LIBRARY |